<?xml version="1.0" encoding="UTF-8"?>
<record
    xmlns:xsi="http://www.w3.org/2001/XMLSchema-instance"
    xsi:schemaLocation="http://www.loc.gov/MARC21/slim http://www.loc.gov/standards/marcxml/schema/MARC21slim.xsd"
    xmlns="http://www.loc.gov/MARC21/slim">

  <leader>00574nam a22002057a 4500</leader>
  <controlfield tag="005">20250515051143.0</controlfield>
  <controlfield tag="008">250515b        |||||||| |||| 00| 0 eng d</controlfield>
  <datafield tag="020" ind1=" " ind2=" ">
    <subfield code="a">9789391883911</subfield>
  </datafield>
  <datafield tag="040" ind1=" " ind2=" ">
    <subfield code="a">IN-DiNC</subfield>
    <subfield code="c">IN-DiNC</subfield>
  </datafield>
  <datafield tag="041" ind1=" " ind2=" ">
    <subfield code="d">asm</subfield>
  </datafield>
  <datafield tag="082" ind1=" " ind2=" ">
    <subfield code="a">330.954162</subfield>
    <subfield code="b">SAI</subfield>
  </datafield>
  <datafield tag="100" ind1=" " ind2=" ">
    <subfield code="a">Saikia, Mainumoni</subfield>
    <subfield code="e">author</subfield>
  </datafield>
  <datafield tag="245" ind1=" " ind2=" ">
    <subfield code="a">Asamar arthaniti (Major 6)/</subfield>
    <subfield code="c">by Mainumoni Saikia and Reema Rabha</subfield>
  </datafield>
  <datafield tag="250" ind1=" " ind2=" ">
    <subfield code="a">1st ed.</subfield>
  </datafield>
  <datafield tag="260" ind1=" " ind2=" ">
    <subfield code="a">Jorhat:</subfield>
    <subfield code="b">Unika prakashan,</subfield>
    <subfield code="c">2025.</subfield>
  </datafield>
  <datafield tag="300" ind1=" " ind2=" ">
    <subfield code="a">328p.</subfield>
  </datafield>
  <datafield tag="650" ind1=" " ind2=" ">
    <subfield code="a">Economy of Assam (Major 6)</subfield>
  </datafield>
  <datafield tag="700" ind1=" " ind2=" ">
    <subfield code="a">Rabha, Reema</subfield>
    <subfield code="e">author</subfield>
  </datafield>
  <datafield tag="942" ind1=" " ind2=" ">
    <subfield code="2">ddc</subfield>
    <subfield code="c">BK</subfield>
  </datafield>
  <datafield tag="999" ind1=" " ind2=" ">
    <subfield code="c">12183</subfield>
    <subfield code="d">12183</subfield>
  </datafield>
  <datafield tag="952" ind1=" " ind2=" ">
    <subfield code="0">0</subfield>
    <subfield code="1">0</subfield>
    <subfield code="2">ddc</subfield>
    <subfield code="4">0</subfield>
    <subfield code="7">0</subfield>
    <subfield code="8">ECO</subfield>
    <subfield code="a">MAIN</subfield>
    <subfield code="b">MAIN</subfield>
    <subfield code="c">GEN</subfield>
    <subfield code="d">2025-05-15</subfield>
    <subfield code="g">350.00</subfield>
    <subfield code="l">3</subfield>
    <subfield code="o">330.954162 SAI</subfield>
    <subfield code="p">30770</subfield>
    <subfield code="r">2026-02-10 09:03:59</subfield>
    <subfield code="s">2026-01-28</subfield>
    <subfield code="t">1</subfield>
    <subfield code="w">2025-05-15</subfield>
    <subfield code="y">BK</subfield>
  </datafield>
  <datafield tag="952" ind1=" " ind2=" ">
    <subfield code="0">0</subfield>
    <subfield code="1">0</subfield>
    <subfield code="2">ddc</subfield>
    <subfield code="4">0</subfield>
    <subfield code="7">0</subfield>
    <subfield code="8">ECO</subfield>
    <subfield code="a">MAIN</subfield>
    <subfield code="b">MAIN</subfield>
    <subfield code="c">GEN</subfield>
    <subfield code="d">2025-05-15</subfield>
    <subfield code="g">350.00</subfield>
    <subfield code="l">4</subfield>
    <subfield code="o">330.954162 SAI</subfield>
    <subfield code="p">30771</subfield>
    <subfield code="q">2026-04-10</subfield>
    <subfield code="r">2026-03-23 06:26:07</subfield>
    <subfield code="s">2026-03-23</subfield>
    <subfield code="t">2</subfield>
    <subfield code="w">2025-05-15</subfield>
    <subfield code="y">BK</subfield>
  </datafield>
  <datafield tag="952" ind1=" " ind2=" ">
    <subfield code="0">0</subfield>
    <subfield code="1">0</subfield>
    <subfield code="2">ddc</subfield>
    <subfield code="4">0</subfield>
    <subfield code="7">0</subfield>
    <subfield code="8">ECO</subfield>
    <subfield code="a">MAIN</subfield>
    <subfield code="b">MAIN</subfield>
    <subfield code="c">GEN</subfield>
    <subfield code="d">2025-05-15</subfield>
    <subfield code="g">350.00</subfield>
    <subfield code="l">6</subfield>
    <subfield code="o">330.954162 SAI</subfield>
    <subfield code="p">30772</subfield>
    <subfield code="q">2026-04-11</subfield>
    <subfield code="r">2026-03-24 07:49:25</subfield>
    <subfield code="s">2026-03-24</subfield>
    <subfield code="t">3</subfield>
    <subfield code="w">2025-05-15</subfield>
    <subfield code="y">BK</subfield>
  </datafield>
</record>
